| 000 | 01185nam a22002657a 4500 | ||
|---|---|---|---|
| 005 | 20110314163759.0 | ||
| 010 | _aENG-102122 B-452694 | ||
| 020 |
_a9780070091221 _c350.00 |
||
| 020 |
_a0070091226 _c350.00 |
||
| 035 | _aEN-85655 B-452694 | ||
| 037 | _bDBAD / PUB | ||
| 037 | _bVirtuous Pub/Ven | ||
| 082 | _a658.16 | ||
| 100 |
_aRajesh kumar, B. _942111 |
||
| 245 |
_aMergers and acquisitions : _cby B. Rajesh Kumar _btext and cases / |
||
| 260 |
_aNew Delhi _bTata McGraw Hill _c2011 |
||
| 270 |
_a7, West Patel Nagar _bNew Delhi _e110008 _k011-45546396 _mregalbookspub@yahoo.com |
||
| 300 |
_axii, 427 p. _c24 cm (pbk) |
||
| 500 | _aIncludes index | ||
| 700 | _926525 | ||
| 942 |
_adpl _cEN _2ddc _h658.16 _mRAJ |
||
| 999 |
_c51046 _d51046 |
||